000 00620nam a2200241 i 4500
001 C2-0265992
003 PPAK
005 20180727233739.0
008 050717s1990 nyu |||| ||||| | eng d
020 _a006009494X
040 _aPPAK
_beng
_cPPAK
_erda
082 0 4 _a823
_223
090 0 0 _a823
_bPRA
_dK
100 1 _aPratchett, Terry,
_eauthor
245 1 0 _aDiggers
264 1 _aNew York :
_bHarperCollins Publishers ,
_c1990
300 _a[213 pages] ;
_c20 cm
336 _2rdacontent
_atext
337 _2rdamedia
_aunmediated
338 _2rdacarrier
_avolume
650 1 0 _aEnglish fiction
942 _ddc
_cB
999 _c75383
_d75383